Normal view
MARC view
- Chemistry, Physical and theoretical
Entry Topical Term
001 - CONTROL NUMBER
- control field: 505
003 - CONTROL NUMBER IDENTIFIER
- control field: NUST
005 - DATE AND TIME OF LATEST TRANSACTION
- control field: 20170511134235.0
008 - FIXED-LENGTH DATA ELEMENTS
- fixed length control field: 170511|| aca||aabn | a|a d
040 ## - CATALOGING SOURCE
- Original cataloging agency: NUST
- Transcribing agency: NUST
150 ## - HEADING--TOPICAL TERM
- Topical term or geographic name entry element: Chemistry, Physical and theoretical
- Form subdivision: Textbooks.
670 ## - SOURCE DATA FOUND
- Source citation: Work cat.: (NUST)0: Foulkes, F. R. 504, Physical chemistry for engineering and applied sciences /
